Drugs, the brain, and behavior : (Record no. 2425)

000 -LEADER
fixed length control field 02613cam a2200457 i 4500
001 - CONTROL NUMBER
control field 17431189
003 - CONTROL NUMBER IDENTIFIER
control field OSt
005 - DATE AND TIME OF LATEST TRANSACTION
control field 20180117085940.0
008 - FIXED-LENGTH DATA ELEMENTS--GENERAL INFORMATION
fixed length control field 120815s2013 nyua b 001 0 eng
010 ## - LIBRARY OF CONGRESS CONTROL NUMBER
LC control number 2012025876
020 ## - INTERNATIONAL STANDARD BOOK NUMBER
International Standard Book Number 9780789035271 (hbk)
020 ## - INTERNATIONAL STANDARD BOOK NUMBER
International Standard Book Number 9780789035288 (pbk)
020 ## - INTERNATIONAL STANDARD BOOK NUMBER
Canceled/invalid ISBN 9780203075814 (ebk)
040 ## - CATALOGING SOURCE
Original cataloging agency DLC
Language of cataloging eng
Transcribing agency DLC
Description conventions rda
Modifying agency DLC
042 ## - AUTHENTICATION CODE
Authentication code pcc
050 00 - LIBRARY OF CONGRESS CALL NUMBER
Classification number RM316
Item number .B75 2013
082 00 - DEWEY DECIMAL CLASSIFICATION NUMBER
Classification number 362.29
Edition number 23
084 ## - OTHER CLASSIFICATION NUMBER
Classification number PSY020000
-- PSY036000
-- PSY038000
Number source bisacsh
100 1# - MAIN ENTRY--PERSONAL NAME
Personal name Brick, John,
Dates associated with a name 1950-
Relator term author.
245 10 - TITLE STATEMENT
Title Drugs, the brain, and behavior :
Remainder of title the pharmacology of drug use disorders /
Statement of responsibility, etc. John Brick and Carlton K. Erickson.
250 ## - EDITION STATEMENT
Edition statement Second edition.
300 ## - PHYSICAL DESCRIPTION
Extent xv, 207 pages :
Other physical details illustrations ;
Dimensions 23 cm
504 ## - BIBLIOGRAPHY, ETC. NOTE
Bibliography, etc. note Includes bibliographical references (pages 189-201) and index.
520 ## - SUMMARY, ETC.
Summary, etc. "Drugs, the Brain, and Behavior uses a balance of instruction, illustrations, and tables and formulas that will give you a broad, lasting introduction to this intriguing subject. Whether you're a nurse, chemical dependency counselor, psychologist, or clinician, this book will be a quick reference guide long after the first reading"--
650 #0 - SUBJECT ADDED ENTRY--TOPICAL TERM
Topical term or geographic name entry element Drugs of abuse
General subdivision Physiological effect.
650 #0 - SUBJECT ADDED ENTRY--TOPICAL TERM
Topical term or geographic name entry element Neuropharmacology.
650 #0 - SUBJECT ADDED ENTRY--TOPICAL TERM
Topical term or geographic name entry element Neurophysiology.
650 #7 - SUBJECT ADDED ENTRY--TOPICAL TERM
Topical term or geographic name entry element PSYCHOLOGY / Neuropsychology.
Source of heading or term bisacsh
650 #7 - SUBJECT ADDED ENTRY--TOPICAL TERM
Topical term or geographic name entry element PSYCHOLOGY / Mental Health.
Source of heading or term bisacsh
650 #7 - SUBJECT ADDED ENTRY--TOPICAL TERM
Topical term or geographic name entry element PSYCHOLOGY / Psychopathology / Addiction.
Source of heading or term bisacsh
700 1# - ADDED ENTRY--PERSONAL NAME
Personal name Erickson, Carlton K.,
Relator term author.
906 ## - LOCAL DATA ELEMENT F, LDF (RLIN)
a 7
b cbc
c orignew
d 1
e ecip
f 20
g y-gencatlg
942 ## - ADDED ENTRY ELEMENTS (KOHA)
Source of classification or shelving scheme
Koha item type Book
Holdings
Withdrawn status Lost status Source of classification or shelving scheme Damaged status Not for loan Collection code Permanent Location Current Location Shelving location Date acquired Total Checkouts Full call number Barcode Date last seen Price effective from Koha item type Date last checked out
            Central Library (CL) Central Library (CL) General Stacks 06/26/2015   362.29 BRI S3H-S-37 06/26/2015 06/26/2015 Book  
            Central Library (CL) Central Library (CL) General Stacks 05/02/2016   362.29 BRI S3H-P-25 05/02/2016 05/02/2016 Book  
            Central Library (CL) Central Library (CL) General Stacks 05/02/2016   362.29 BRI S3H-P-21 05/02/2016 05/02/2016 Book  
            Central Library (CL) Central Library (CL) General Stacks 05/02/2016 1 362.29 BRI S3H-P-22 02/09/2018 05/02/2016 Book 01/03/2018
            Central Library (CL) Central Library (CL) General Stacks 05/02/2016   362.29 BRI S3H-P-24 05/02/2016 05/02/2016 Book  
            Central Library (CL) Central Library (CL) General Stacks 05/02/2016   362.29 BRI S3H-P-23 05/02/2016 05/02/2016 Book  
© 2023 Central Library, National University of Sciences and Technology. All Rights Reserved.